THIRD-Level NUTS of the European Union on a Map - Statistics

General Stats
  • This quiz has been taken 313 times
    88 since last reset
  • The average score is 63 of 1165
Answers on the Map
Answers color-coded by a green-red scale on the quiz's map according to % correct below.
 
Answer Stats
Country Answer % Correct
France Nord / North
68%
France Paris
60%
Portugal Oeste / West
56%
Ireland West
56%
Germany Berlin
52%
Spain Madrid
52%
Austria Wien / Vienna
52%
Spain Barcelona
48%
Ireland Dublin
48%
Czech Republic Hlavní město Praha / Prague
48%
Croatia Zagrebačka županija / Zagreb County
44%
France Guyane / French Guiana
40%
Ireland South-West
40%
Spain Asturias
36%
Belgium Ath
36%
Hungary Budapest
36%
Austria Graz
36%
Latvia Rīga
36%
Bulgaria София / Sofia
36%
Bulgaria София (столица) / Sofia (Capital)
36%
Spain Valencia/València
36%
Spain Badajoz
32%
Belgium Bruxelles-Capitale / Brussel-Hoofdstad / Brussels Capital district
32%
Spain Granada
32%
Poland Krakowski / Krakow
32%
Spain León
32%
Italy Palermo
32%
Spain Sevilla
32%
Ireland South-East
32%
France Var
32%
Spain A Coruña
28%
Croatia Dubrovačko-neretvanska županija / Dubrovnik-Neretva County
28%
France Guadeloupe
28%
Finland Lappi / Lapland
28%
Spain La Rioja
28%
Poland Łódzki / Lódź
28%
France Martinique
28%
Spain Murcia
28%
Spain Navarra / Navarre
28%
Spain Toledo
28%
Spain Zaragoza
28%
Romania Alba
24%
Spain Alicante/Alacant
24%
Italy Bari
24%
Spain Castellón/Castelló
24%
Spain Córdoba
24%
Cyprus Κύπρος / Cyprus
24%
Spain Girona
24%
Spain Guadalajara
24%
Germany Hamburg
24%
Austria Innsbruck
24%
Croatia Istarska županija / Istria County
24%
Spain Jaén
24%
Poland Katowicki / Katowice
24%
Belgium Liège
24%
France Loire
24%
Spain Lugo
24%
Latvia Luxembourg
24%
France Mayotte
24%
Austria Salzburg und Umgebung / Salzburg and surroundings
24%
Spain Tarragona
24%
Greece Θεσσαλονίκη / Thessaloniki
24%
Italy Trieste
24%
Netherlands Utrecht
24%
Spain Valladolid
24%
Bulgaria Варна / Varna
24%
Italy Verona
24%
Poland Wrocławski / Wroclaw
24%
Finland Åland
20%
Spain Albacete
20%
Spain Almería
20%
Italy Bologna
20%
Spain Burgos
20%
Spain Cáceres
20%
Spain Cádiz
20%
Spain Cantabria
20%
Spain Ciudad Real
20%
Romania Cluj
20%
Poland Gdański / Gdansk
20%
Spain Huelva
20%
Spain Huesca
20%
Spain Lleida
20%
Poland Lubelski / Lublin
20%
Spain Málaga
20%
Bulgaria Пловдив / Plovdiv
20%
Spain Pontevedra
20%
Italy Roma
20%
Spain Salamanca
20%
Hungary Vas
20%
Croatia Zadarska županija / Zadar County
20%
Netherlands Agglomeratie ’s-Gravenhage / Hague
16%
Italy Asti
16%
Portugal Ave
16%
Spain Ávila
16%
Italy Bolzano / Bozen
16%
Bulgaria Бургас / Burgas
16%
Italy Cagliari
16%
Italy Catania
16%
Belgium Charleroi
16%
Italy Como
16%
Romania Constanţa
16%
Spain Gipuzkoa / Guipúzcoa
16%
Greece Ηράκλειο / Heraklion
16%
France Jura
16%
Italy La Spezia
16%
Germany Leipzig
16%
Malta Malta
16%
France Marne
16%
France Moselle
16%
Italy Napoli
16%
Croatia Osječko-baranjska županija / Osijek-Baranja County
16%
Spain Ourense
16%
Italy Perugia
16%
Hungary Pest
16%
Poland Poznański / Poznań
16%
Italy Reggio Emilia
16%
France Rhône
16%
Italy Rovigo
16%
France Savoie
16%
Spain Segovia
16%
Croatia Splitsko-dalmatinska županija / Split-Dalmatia County
16%
Spain Teruel
16%
Romania Timiş
16%
Italy Torino
16%
Italy Trento
16%
France Ain
12%
France Aisne
12%
Italy Alessandria
12%
France Allier
12%
France Alpes-de-Haute-Provence
12%
France Alpes-Maritimes
12%
Italy Ancona
12%
France Ardèche
12%
France Ardennes
12%
France Ariège
12%
Netherlands Arnhem/Nijmegen
12%
France Aube
12%
France Aude
12%
Italy Bergamo
12%
Spain Bizkaia / Vizcaya
12%
Germany Börde
12%
Denmark Bornholm
12%
France Bouches-du-Rhône
12%
Romania Braşov
12%
Italy Brescia
12%
Italy Brindisi
12%
France Calvados
12%
France Cantal
12%
Spain Ceuta
12%
France Charente
12%
France Charente-Maritime
12%
France Cher
12%
France Corrèze
12%
France Corse-du-Sud / South Corsica
12%
France Côte-d’Or
12%
France Côtes-d’Armor
12%
Italy Cremona
12%
Spain Cuenca
12%
Italy Cuneo
12%
France Dordogne
12%
Finland Etelä-Karjala / South Karelia
12%
Finland Etelä-Pohjanmaa / South Ostrobothnia
12%
Finland Etelä-Savo / South Savo
12%
Italy Ferrara
12%
France Finistère
12%
Italy Firenze
12%
Netherlands Flevoland
12%
Italy Foggia
12%
Italy Genova
12%
Italy Grosseto
12%
Romania Iaşi
12%
Italy Imperia
12%
Finland Keski-Pohjanmaa / Central Ostrobothnia
12%
Austria Klagenfurt-Villach
12%
Italy L’Aquila
12%
Italy Lecce
12%
France Loiret
12%
France Lot
12%
Spain Melilla
12%
Italy Messina
12%
Italy Milano
12%
Austria Mittelburgenland / Central Burgenland
12%
Italy Modena
12%
Belgium Namur
12%
Austria Nordburgenland / North Burgenland
12%
Denmark Nordjylland / North Jutland
12%
Italy Novara
12%
Spain Palencia
12%
Italy Parma
12%
Italy Pavia
12%
Italy Pescara
12%
Italy Piacenza
12%
Finland Pohjanmaa / Ostrobothnia
12%
Finland Pohjois-Karjala / North Karelia
12%
Finland Pohjois-Pohjanmaa / North Ostrobothnia
12%
Finland Pohjois-Savo / North Savo
12%
Italy Prato
12%
Italy Ravenna
12%
Italy Reggio Calabria
12%
Bulgaria Русе / Ruse
12%
Italy Sassari
12%
Italy Savona
12%
France Seine-Saint-Denis
12%
Italy Siena
12%
Italy Siracusa
12%
Italy Sondrio
12%
Spain Soria
12%
Austria Südburgenland / South Burgenland
12%
Denmark Sydjylland / South Jutland
12%
Poland Szczeciński / Szczecin
12%
Italy Taranto
12%
Spain Tenerife
12%
Italy Terni
12%
Italy Treviso
12%
Italy Varese
12%
Italy Venezia
12%
Italy Vicenza
12%
Spain Zamora
12%
Italy Agrigento
8%
Portugal Algarve
8%
Belgium Antwerpen
8%
Spain Araba/Álava
8%
Italy Arezzo
8%
Italy Ascoli Piceno
8%
Italy Avellino
8%
France Aveyron
8%
France Bas-Rhin
8%
Italy Benevento
8%
Italy Biella
8%
Romania Bucureşti
8%
Italy Campobasso
8%
Italy Caserta
8%
Italy Catanzaro
8%
Italy Chieti
8%
Greece Κέρκυρα / Corfu
8%
Italy Cosenza
8%
France Creuse
8%
Italy Crotone
8%
France Deux-Sèvres
8%
France Doubs
8%
Portugal Douro
8%
France Drôme
8%
Italy Enna
8%
France Essonne
8%
France Eure
8%
Italy Fermo
8%
Italy Frosinone
8%
France Gard
8%
Belgium Gent
8%
France Gers
8%
France Gironde
8%
Italy Gorizia
8%
Spain Gran Canaria
8%
France Haute-Corse
8%
France Haute-Garonne
8%
France Haute-Loire
8%
France Haute-Marne
8%
France Haute-Saône
8%
France Haute-Savoie
8%
France Hautes-Pyrénées
8%
France Haute-Vienne
8%
France Haut-Rhin
8%
Romania Ilfov
8%
France Ille-et-Vilaine
8%
France Indre
8%
France Isère
8%
Italy Isernia
8%
Czech Republic Jihočeský kraj / South Bohemian Region
8%
Czech Republic Jihomoravský kraj / South Moravian Region
8%
Finland Kainuu
8%
Croatia Karlovačka županija / Karlovac County
8%
Czech Republic Karlovarský kraj / Karlovy Vary Region
8%
Netherlands Kop van Noord-Holland / North Holland
8%
Czech Republic Kraj Vysočina / Vysocina Region
8%
Czech Republic Královéhradecký kraj / Hradec Kralove Region
8%
France Landes
8%
Greece Λάρισα / Larissa
8%
Italy Latina
8%
Belgium Leuven
8%
Austria Liezen
8%
Italy Livorno
8%
Italy Lodi
8%
France Loire-Atlantique
8%
France Loir-et-Cher
8%
France Lot-et-Garonne
8%
France Lozère
8%
Italy Lucca
8%
Spain Mallorca
8%
France Manche
8%
Italy Mantova
8%
Italy Matera
8%
Spain Menorca
8%
Belgium Mons
8%
Bulgaria Монтана / Montana
8%
Czech Republic Moravskoslezský kraj / Moravian-Silesian Region
8%
France Morbihan
8%
France Nièvre
8%
Italy Nuoro
8%
Austria Oberkärnten / Upper Carinthia
8%
France Oise
8%
Czech Republic Olomoucký kraj / Olomouc Region
8%
Poland Opolski / Opole
8%
France Orne
8%
Denmark Østjylland / East Jutland
8%
Austria Östliche Obersteiermark / Eastern Upper Styria
8%
Austria Oststeiermark / Eastern Styria
8%
Italy Padova
8%
Czech Republic Pardubický kraj / Pardubice Region
8%
France Pas-de-Calais
8%
Bulgaria Пазарджик / Pazardzhik
8%
Italy Pisa
8%
Italy Pistoia
8%
Czech Republic Plzeňský kraj / Pilsen Region
8%
Italy Pordenone
8%
Italy Potenza
8%
France Puy-de-Dôme
8%
France Pyrénées-Atlantiques
8%
France Pyrénées-Orientales
8%
Italy Ragusa
8%
Bulgaria Разград / Razgrad
8%
Italy Rieti
8%
Italy Rimini
8%
Italy Salerno
8%
Austria Sankt Pölten
8%
France Seine-Maritime
8%
Bulgaria Шумен / Shumen
8%
Croatia Šibensko-kninska županija / Šibenik-Knin County
8%
Bulgaria Сливен / Sliven
8%
France Somme
8%
Czech Republic Středočeský kraj / Central Bohemian Region
8%
France Tarn
8%
France Tarn-et-Garonne
8%
Italy Teramo
8%
Italy Trapani
8%
Italy Udine
8%
Austria Unterkärnten / Lower Carinthia
8%
Czech Republic Ústecký kraj / Usti nad Labem Region
8%
Croatia Varaždinska županija / Varaždin County
8%
France Vaucluse
8%
Bulgaria Велико Търново / Veliko Tarnovo
8%
France Vendée
8%
Italy Vercelli
8%
Denmark Vestjylland / West Jutland
8%
Bulgaria Видин / Vidin
8%
France Vienne
8%
Italy Viterbo
8%
France Vosges
8%
Austria Weinviertel
8%
Austria West- und Südsteiermark / Westernand southern Styria
8%
France Yonne
8%
France Yvelines
8%
Czech Republic Zlínský kraj / Zlín Region
8%
Belgium Aalst
4%
Greece Αχαΐα / Achaia
4%
Portugal Alentejo Central
4%
Portugal Alentejo Litoral
4%
Portugal Alto Alentejo
4%
Portugal Alto Minho
4%
Portugal Alto Tâmega e Barroso
4%
Romania Arad
4%
Portugal Área Metropolitana do Porto / Porto Metropolitan Area
4%
Belgium Arlon
4%
Austria Außerfern
4%
Portugal Baixo Alentejo
4%
Slovakia Banskobystrický kraj
4%
Belgium Bastogne
4%
Portugal Beira Baixa
4%
Portugal Beiras e Serra da Estrela / Beiras and Serra da Estrela
4%
Hungary Békés
4%
Italy Belluno
4%
Belgium Bezirk Verviers / District of Verviers
4%
Croatia Bjelovarsko-bilogorska županija / Bjelovar-Bilogora County
4%
Bulgaria Благоевград / Blagoevgrad
4%
Austria Bludenz-Bregenzer Wald / Bludenz-Bregenz Forest
4%
Ireland Border
4%
Romania Botoşani
4%
Romania Brăila
4%
Slovakia Bratislavský kraj
4%
Croatia Brodsko-posavska županija / Brod-Posavina County
4%
Belgium Brugge
4%
Romania Buzău
4%
Denmark Byen København / Copenhagen (City)
4%
Romania Călăraşi
4%
Italy Caltanissetta
4%
Portugal Cávado
4%
Germany Celle
4%
Germany Cham
4%
Greece Χανιά / Chania
4%
Romania Covasna
4%
Poland Częstochowski / Czestochowa
4%
Romania Dâmboviţa
4%
Belgium Dendermonde
4%
Germany Diepholz
4%
Belgium Diksmuide
4%
Belgium Dinant
4%
Bulgaria Добрич / Dobrich
4%
Greece Δράμα / Drama
4%
Belgium Eeklo
4%
Spain El Hierro
4%
Germany Emsland
4%
Germany Erzgebirgskreis
4%
France Eure-et-Loir
4%
Greece Έβρος / Evros
4%
Greece Φλώρινα / Florina
4%
Spain Fuerteventura
4%
Denmark Fyn / Funen
4%
Bulgaria Габрово / Gabrovo
4%
Romania Galaţi
4%
Croatia Grad Zagreb / City of Zagreb
4%
Portugal Grande Lisboa / Greater Lisbon
4%
Hungary Győr-Moson-Sopron
4%
Greece Χαλκιδική / Halkidiki
4%
Belgium Halle-Vilvoorde
4%
Romania Harghita
4%
Bulgaria Хасково / Haskovo
4%
Belgium Hasselt
4%
France Hautes-Alpes
4%
France Hauts-de-Seine
4%
Finland Helsinki-Uusimaa
4%
France Hérault
4%
Germany Holzminden
4%
Romania Hunedoara
4%
Belgium Huy
4%
Romania Ialomiţa
4%
France Indre-et-Loire
4%
Austria Innviertel
4%
Greece Ιωάννινα / Ioannina
4%
Hungary Jász-Nagykun-Szolnok
4%
Finland Kanta-Häme
4%
Bulgaria Кърджали / Kardzhali
4%
Greece Καστοριά / Kastoria
4%
Estonia Kesk-Eesti / Central Estonia
4%
Finland Keski-Suomi / Central Finland
4%
Estonia Kirde-Eesti / North-Eastern Estonia
4%
Denmark Københavns omegn / Copenhagen (Surroundings)
4%
Hungary Komárom-Esztergom
4%
Croatia Koprivničko-križevačka županija / Koprivnica-Križevci County
4%
Belgium Kortrijk
4%
Slovakia Košický kraj
4%
Croatia Krapinsko-zagorska županija / Krapina-Zagorje County
4%
Latvia Kurzeme / Courland
4%
Germany Kyffhäuserkreis
4%
Finland Kymenlaakso
4%
Bulgaria Кюстендил / Kyustendil
4%
Estonia Lääne-Eesti / Western Estonia
4%
Spain La Gomera
4%
Belgium La Louvière
4%
Spain Lanzarote
4%
Spain La Palma
4%
France La Réunion
4%
Latvia Latgale
4%
Italy Lecco
4%
Greece Λευκάδα / Lefkada
4%
Belgium Leper
4%
Portugal Lezíria do Tejo
4%
Czech Republic Liberecký kraj / Liberec Region
4%
Croatia Ličko-senjska županija / Lika-Senj County
4%
Austria Linz-Wels
4%
Germany Lippe
4%
Estonia Lõuna-Eesti / Southern Estonia
4%
Bulgaria Ловеч / Lovech
4%
Austria Lungau
4%
Belgium Maaseik
4%
Italy Macerata
4%
France Maine-et-Loire
4%
Romania Maramureş
4%
Belgium Marche-en-Famenne
4%
Italy Massa-Carrara
4%
France Mayenne
4%
Belgium Mechelen
4%
Croatia Međimurska županija / Međimurje County
4%
Portugal Médio Tejo / Middle Tagus
4%
France Meurthe-et-Moselle
4%
France Meuse
4%
Ireland Mid-East
4%
Ireland Midland
4%
Ireland Mid-West
4%
Austria Mostviertel-Eisenwurzen
4%
Austria Mühlviertel
4%
Romania Mureş
4%
Romania Neamţ
4%
Belgium Neufchâteau
4%
Austria Niederösterreich-Süd / Lower Austria-South
4%
Belgium Nivelles
4%
Denmark Nordsjælland / North Zealand
4%
Austria Nordteil Wiener Umland / Northern Vienna Countryside
4%
Romania Olt
4%
Belgium Oostende
4%
Italy Oristano
4%
Denmark Østsjælland / East Zealand
4%
Austria Osttirol / East Tyrol
4%
Belgium Oudenaarde
4%
Finland Päijät-Häme
4%
Germany Peine
4%
Greece Πέλλα / Pella
4%
Portugal Península de Setúbal / Setúbal Peninsula
4%
Bulgaria Перник / Pernik
4%
Belgium Philippeville
4%
Austria Pinzgau-Pongau
4%
Greece Πειραιάς / Piraeus
4%
Finland Pirkanmaa
4%
Bulgaria Плевен / PLeven
4%
Estonia Põhja-Eesti / Northern Estonia
4%
Croatia Požeško-slavonska županija / Požega-Slavonia County
4%
Romania Prahova
4%
Slovakia Prešovský kraj
4%
Croatia Primorsko-goranska županija / Primorje-Gorski Kotar County
4%
Germany Ravensburg
4%
Germany Regen
4%
Portugal Região Autónoma da Madeira / Autonomous Region of Madeira
4%
Portugal Região Autónoma dos Açores / Autonomous Region of the Azores
4%
Portugal Região de Aveiro / Aveiro Region
4%
Portugal Região de Coimbra / Coimbra Region
4%
Portugal Região de Leiria / Leiria Region
4%
Germany Region Hannover
4%
Greece Ρέθυμνο / Rethymno
4%
Austria Rheintal-Bodenseegebiet / Rhine Valley-Lake Constance Area
4%
Belgium Roeselare
4%
France Saône-et-Loire
4%
France Sarthe
4%
Finland Satakunta
4%
Germany Schaumburg
4%
France Seine-et-Marne
4%
Greece Σέρρες / Serres
4%
Romania Sibiu
4%
Bulgaria Силистра / Silistra
4%
Belgium Sint-Niklaas
4%
Croatia Sisačko-moslavačka županija / Sisak-Moslavina County
4%
Bulgaria Смолян / Smolyan
4%
Belgium Soignies
4%
Germany Sömmerda
4%
Bulgaria Стара Загора / Stara Zagora
4%
Austria Steyr-Kirchdorf
4%
Romania Suceava
4%
Austria Südteil Wiener Umland / Southern Vienna Countryside
4%
Portugal Tâmega e Sousa
4%
Bulgaria Търговище / Targovishte
4%
Germany Teltow-Fläming
4%
Portugal Terras de Trás-os-Montes / Lands of Trás-os-Montes
4%
France Territoire de Belfort
4%
Belgium Thuin
4%
Belgium Tielt
4%
Austria Tiroler Oberland / Tyroleand Oberland
4%
Austria Tiroler Unterland / Tyrolean Lowlands
4%
Belgium Tongeren
4%
Belgium Tournai-Mouscron
4%
Austria Traunviertel
4%
Slovakia Trnavský kraj
4%
Romania Tulcea
4%
Belgium Turnhout
4%
Germany Uelzen
4%
Romania Vâlcea
4%
France Val-de-Marne
4%
France Val-d’Oise
4%
Finland Varsinais-Suomi / Southwest Finland
4%
Romania Vaslui
4%
Netherlands Veluwe
4%
Belgium Verviers
4%
Denmark Vest- og Sydsjælland / West and South Zealand
4%
Belgium Veurne
4%
Italy Vibo Valentia
4%
Croatia Virovitičko-podravska županija / Virovitica-Podravina County
4%
Belgium Virton
4%
Portugal Viseu Dão Lafões
4%
Bulgaria Враца / Vratsa
4%
Croatia Vukovarsko-srijemska županija / Vukovar-Srijem County
4%
Austria Waldviertel
4%
Belgium Waremme
4%
Austria Westliche Obersteiermark / Western Upper Styria
4%
Greece Ξάνθη / Xanthi
4%
Bulgaria Ямбол / Yambol
4%
Greece Ζάκυνθος / Zakynthos
4%
Hungary Zala
4%
Slovakia Žilinský kraj
4%
Netherlands Achterhoek
0%
Greece Αιτωλοακαρνανία / Aetolia-Acarnania
0%
Netherlands Agglomeratie Haarlem / Haarlem
0%
Netherlands Agglomeratie Leiden en Bollenstreek / Leiden and Bollenstreek
0%
Germany Ahrweiler
0%
Germany Aichach-Friedberg
0%
Germany Alb-Donau-Kreis
0%
Netherlands Alkmaar en omgeving / Alkmaar and surroundings
0%
Germany Altenburger Land
0%
Germany Altenkirchen (Westerwald)
0%
Germany Altmarkkreis Salzwedel
0%
Germany Altötting
0%
Latvia Alytaus apskritis / Alytus County
0%
Germany Alzey-Worms
0%
Germany Amberg, Kreisfreie Stadt
0%
Germany Amberg-Sulzbach
0%
Germany Ammerland
0%
Greece Άνδρος, Θήρα, Κέα, Μήλος, Μύκονος, Νάξος, Πάρος, Σύρος Και Τήνος / Andros, Thira, Kea, Milos, Mykonos, Naxos, Paros, Syros and Tinos
0%
Germany Anhalt-Bitterfeld
0%
Germany Ansbach, Kreisfreie Stadt
0%
Germany Ansbach, Landkreis
0%
Romania Argeş
0%
Greece Αργολίδα Και Αρκαδία / Argolida and Arcadia
0%
Greece Άρτα Και Πρέβεζα / Arta and Preveza
0%
Germany Aschaffenburg, Kreisfreie Stadt
0%
Germany Aschaffenburg, Landkreis
0%
Germany Augsburg, Kreisfreie Stadt
0%
Germany Augsburg, Landkreis
0%
Germany Aurich
0%
Romania Bacău
0%
Hungary Bács-Kiskun
0%
Germany Bad Dürkheim
0%
Germany Baden-Baden, Stadtkreis
0%
Germany Bad Kissingen
0%
Germany Bad Kreuznach
0%
Germany Bad Tölz-Wolfratshausen
0%
Germany Bamberg, Kreisfreie Stadt
0%
Germany Bamberg, Landkreis
0%
Hungary Baranya
0%
Italy Barletta-Andria-Trani
0%
Germany Barnim
0%
Germany Bautzen
0%
Germany Bayreuth, Kreisfreie Stadt
0%
Germany Bayreuth, Landkreis
0%
Germany Berchtesgadener Land
0%
Germany Bergstraße
0%
Germany Bernkastel-Wittlich
0%
Poland Białostocki / Bialystok
0%
Poland Bialski
0%
Germany Biberach
0%
Germany Bielefeld, Kreisfreie Stadt
0%
Poland Bielski
0%
Romania Bihor
0%
Germany Birkenfeld
0%
Romania Bistriţa-Năsăud
0%
Sweden Blekinge län
0%
Germany Böblingen
0%
Germany Bochum, Kreisfreie Stadt
0%
Germany Bodenseekreis
0%
Greece Βοιωτία / Boeotia
0%
Germany Bonn, Kreisfreie Stadt
0%
Germany Borken
0%
Hungary Borsod-Abaúj-Zemplén
0%
Germany Bottrop, Kreisfreie Stadt
0%
Germany Brandenburg an der Havel, Kreisfreie Stadt
0%
Germany Braunschweig, Kreisfreie Stadt
0%
Germany Breisgau-Hochschwarzwald
0%
Germany Bremen, Kreisfreie Stadt
0%
Germany Bremerhaven, Kreisfreie Stadt
0%
Germany Burgenlandkreis
0%
Poland Bydgosko-toruński / Bydgoszcz-Toruń
0%
Poland Bytomski / Bytom
0%
Germany Calw
0%
Romania Caraş-Severin
0%
Greece Κεντρικός Τομέας Αθηνών / Central Sector of Athens
0%
Poland Chełmsko-zamojski / Chelmsko-Zamosc
0%
Germany Chemnitz, Kreisfreie Stadt
0%
Greece Χίος / Chios
0%
Poland Chojnicki
0%
Poland Ciechanowski
0%
Germany Cloppenburg
0%
Germany Coburg, Kreisfreie Stadt
0%
Germany Coburg, Landkreis
0%
Germany Cochem-Zell
0%
Germany Coesfeld
0%
Greece Κορινθία / Corinthia
0%
Germany Cottbus, Kreisfreie Stadt
0%
Hungary Csongrád-Csanád
0%
Germany Cuxhaven
0%
Germany Dachau
0%
Germany Dahme-Spreewald
0%
Sweden Dalarnas län
0%
Germany Darmstadt-Dieburg
0%
Germany Darmstadt, Kreisfreie Stadt
0%
Germany Deggendorf
0%
Netherlands Delft en Westland / Delft and Westland
0%
Netherlands Delfzijl en omgeving / Delfzijl and surroundings
0%
Germany Delmenhorst, Kreisfreie Stadt
0%
Germany Dessau-Roßlau, Kreisfreie Stadt
0%
Germany Dillingen a.d. Donau
0%
Germany Dingolfing-Landau
0%
Germany Dithmarschen
0%
Romania Dolj
0%
Germany Donau-Ries
0%
Germany Donnersbergkreis
0%
Germany Dortmund, Kreisfreie Stadt
0%
Germany Dresden, Kreisfreie Stadt
0%
Germany Duisburg, Kreisfreie Stadt
0%
Germany Düren
0%
Germany Düsseldorf, Kreisfreie Stadt
0%
Greece Ανατολική Αττική / East Attica
0%
Germany Ebersberg
0%
Germany Eichsfeld
0%
Germany Eichstätt
0%
Germany Eifelkreis Bitburg-Prüm
0%
Spain Eivissa y Formentera / Ibiza and Formentera
0%
Germany Elbe-Elster
0%
Poland Elbląski / Elblag
0%
Poland Ełcki / Elk
0%
Germany Emden, Kreisfreie Stadt
0%
Germany Emmendingen
0%
Germany Ennepe-Ruhr-Kreis
0%
Germany Enzkreis
0%
Germany Erding
0%
Germany Erfurt, Kreisfreie Stadt
0%
Germany Erlangen-Höchstadt
0%
Germany Erlangen, Kreisfreie Stadt
0%
Germany Essen, Kreisfreie Stadt
0%
Germany Esslingen
0%
Germany Euskirchen
0%
Greece Εύβοια / Evia
0%
Greece Ευρυτανία / Evrytania
0%
Hungary Fejér
0%
Germany Flensburg, Kreisfreie Stadt
0%
Greece Φωκίδα / Fokida
0%
Germany Forchheim
0%
Italy Forlì-Cesena
0%
Germany Frankenthal (Pfalz), Kreisfreie Stadt
0%
Germany Frankfurt am Main, Kreisfreie Stadt
0%
Germany Frankfurt (Oder), Kreisfreie Stadt
0%
Germany Freiburg im Breisgau, Stadtkreis
0%
Germany Freising
0%
Germany Freudenstadt
0%
Germany Freyung-Grafenau
0%
Germany Friesland (DE)
0%
Greece Φθιώτιδα / Fthiotida
0%
Germany Fulda
0%
Germany Fürstenfeldbruck
0%
Germany Fürth, Kreisfreie Stadt
0%
Germany Fürth, Landkreis
0%
Germany Garmisch-Partenkirchen
0%
Sweden Gävleborgs län
0%
Germany Gelsenkirchen, Kreisfreie Stadt
0%
Germany Gera, Kreisfreie Stadt
0%
Germany Germersheim
0%
Germany Gießen, Landkreis
0%
Germany Gifhorn
0%
Romania Giurgiu
0%
Poland Gliwicki / Gliwice
0%
Germany Göppingen
0%
Slovenia Gorenjska
0%
Slovenia Goriška
0%
Romania Gorj
0%
Germany Görlitz
0%
Poland Gorzowski
0%
Germany Goslar
0%
Germany Gotha
0%
Sweden Gotlands län
0%
Germany Göttingen
0%
Malta Gozo and Comino/Għawdex u Kemmuna
0%
Germany Grafschaft Bentheim
0%
Germany Greiz
0%
Greece Γρεβενά Και Κοζάνη / Grevena and Kozani
0%
Netherlands Groot-Amsterdam / Greater Amsterdam
0%
Netherlands Groot-Rijnmond / Greater Rijnmond
0%
Germany Groß-Gerau
0%
Poland Grudziądzki / Grudziadzki
0%
Germany Günzburg
0%
Germany Gütersloh
0%
Germany Hagen, Kreisfreie Stadt
0%
Hungary Hajdú-Bihar
0%
Sweden Hallands län
0%
Germany Halle (Saale), Kreisfreie Stadt
0%
Germany Hameln-Pyrmont
0%
Germany Hamm, Kreisfreie Stadt
0%
Germany Harburg
0%
Germany Harz
0%
Germany Haßberge
0%
Germany Havelland
0%
Germany Heidekreis
0%
Germany Heidelberg, Stadtkreis
0%
Germany Heidenheim
0%
Germany Heilbronn, Landkreis
0%
Germany Heilbronn, Stadtkreis
0%
Germany Heinsberg
0%
Germany Helmstedt
0%
Germany Herford
0%
Germany Herne, Kreisfreie Stadt
0%
Germany Hersfeld-Rotenburg
0%
Germany Herzogtum Lauenburg
0%
Netherlands Het Gooi en Vechtstreek / The Gooi and Vecht region
0%
Hungary Heves
0%
Germany Hildburghausen
0%
Germany Hildesheim
0%
Germany Hochsauerlandkreis
0%
Germany Hochtaunuskreis
0%
Germany Hof, Kreisfreie Stadt
0%
Germany Hof, Landkreis
0%
Germany Hohenlohekreis
0%
Germany Höxter
0%
Netherlands IJmond
0%
Greece Ικαρία, Σάμος / Ikaria, Samos
0%
Greece Ηλεία / Ilia
0%
Germany Ilm-Kreis
0%
Greece Ημαθία / Imathia
0%
Germany Ingolstadt, Kreisfreie Stadt
0%
Poland Inowrocławski / Inowroclaw
0%
Greece Ιθάκη Και Κεφαλληνία / Ithaca and Kefalonia
0%
Sweden Jämtlands län
0%
Poland Jeleniogórski / Jelenia Gora
0%
Germany Jena, Kreisfreie Stadt
0%
Germany Jerichower Land
0%
Sweden Jönköpings län
0%
Slovenia Jugovzhodna Slovenija
0%
Germany Kaiserslautern, Kreisfreie Stadt
0%
Germany Kaiserslautern, Landkreis
0%
Poland Kaliski / Kalisz
0%
Sweden Kalmar län
0%
Greece Κάλυμνος, Κάρπαθος – Ηρωική Νήσος Κάσος, Κως Και Ρόδος / Kalymnos, Karpathos – Heroic Island of Kasos, Kos and Rhodes
0%
Greece Καρδίτσα Και Τρίκαλα / Karditsa and Trikala
0%
Germany Karlsruhe, Landkreis
0%
Germany Karlsruhe, Stadtkreis
0%
Germany Kassel, Kreisfreie Stadt
0%
Germany Kassel, Landkreis
0%
Germany Kaufbeuren, Kreisfreie Stadt
0%
Latvia Kauno apskritis / Kaunas County
0%
Germany Kelheim
0%
Germany Kempten (Allgäu), Kreisfreie Stadt
0%
Poland Kielecki / Kielce
0%
Germany Kiel, Kreisfreie Stadt
0%
Greece Κιλκίς / Kilkis
0%
Germany Kitzingen
0%
Latvia Klaipėdos apskritis / Klaipeda County
0%
Germany Kleve
0%
Germany Koblenz, Kreisfreie Stadt
0%
Germany Köln, Kreisfreie Stadt
0%
Poland Koniński
0%
Germany Konstanz
0%
Slovenia Koroška
0%
Poland Koszaliński / Koszalin
0%
Germany Krefeld, Kreisfreie Stadt
0%
Germany Kronach
0%
Sweden Kronobergs län
0%
Poland Krośnieński / Krosno
0%
Germany Kulmbach
0%
Germany Kusel
0%
Greece Λακωνία Και Μεσσηνία / Laconia and Messinia
0%
Germany Lahn-Dill-Kreis
0%
Germany Landau in der Pfalz, Kreisfreie Stadt
0%
Germany Landkreis Rostock
0%
Germany Landsberg am Lech
0%
Germany Landshut, Kreisfreie Stadt
0%
Germany Landshut, Landkreis
0%
Greece Λασίθι / Lasithi
0%
Germany Leer
0%
Poland Legnicko-głogowski / Legnica-Glogów
0%
Germany Leipzig, Kreisfreie Stadt
0%
Greece Λέσβος Και Λήμνος / Lesvos and Lemnos
0%
Poland Leszczyński
0%
Germany Leverkusen, Kreisfreie Stadt
0%
Germany Lichtenfels
0%
Germany Limburg-Weilburg
0%
Germany Lindau (Bodensee)
0%
Poland Łomżyński / Lomża
0%
Germany Lörrach
0%
Germany Lübeck, Kreisfreie Stadt
0%
Germany Lüchow-Dannenberg
0%
Germany Ludwigsburg
0%
Germany Ludwigshafen am Rhein, Kreisfreie Stadt
0%
Germany Ludwigslust-Parchim
0%
Germany Lüneburg, Landkreis
0%
Germany Magdeburg, Kreisfreie Stadt
0%
Greece Μαγνησία Και Σποράδες / Magnesia and Sporades
0%
Germany Main-Kinzig-Kreis
0%
Germany Main-Spessart
0%
Germany Main-Tauber-Kreis
0%
Germany Main-Taunus-Kreis
0%
Germany Mainz-Bingen
0%
Germany Mainz, Kreisfreie Stadt
0%
Germany Mannheim, Stadtkreis
0%
Germany Mansfeld-Südharz
0%
Germany Marburg-Biedenkopf
0%
Latvia Marijampolės apskritis / Marijampolė County
0%
Germany Märkischer Kreis
0%
Germany Märkisch-Oderland
0%
Germany Mayen-Koblenz
0%
Germany Mecklenburgische Seenplatte
0%
Romania Mehedinţi
0%
Germany Meißen
0%
Germany Memmingen, Kreisfreie Stadt
0%
Germany Merzig-Wadern
0%
Germany Mettmann
0%
Poland Miasto Kraków / City of Krakow
0%
Poland Miasto Łódź / City of Lódz
0%
Poland Miasto Poznań / City of Poznań
0%
Poland Miasto Szczecin / City of Szczecin
0%
Poland Miasto Warszawa / City of Warsaw
0%
Poland Miasto Wrocław / City of Wroclaw
0%
Netherlands Midden-Limburg / Central Limburg
0%
Netherlands Midden-Noord-Brabant / Central North Brabant
0%
Germany Miesbach
0%
Germany Miltenberg
0%
Germany Minden-Lübbecke
0%
Germany Mittelsachsen
0%
Germany Mönchengladbach, Kreisfreie Stadt
0%
Italy Monza e Brianza
0%
Germany Mühldorf a. Inn
0%
Germany Mülheim an der Ruhr, Kreisfreie Stadt
0%
Germany München, Kreisfreie Stadt
0%
Germany München, Landkreis
0%
Germany Münster, Kreisfreie Stadt
0%
Germany Neckar-Odenwald-Kreis
0%
Germany Neuburg-Schrobenhausen
0%
Germany Neumarkt i. d. OPf.
0%
Germany Neumünster, Kreisfreie Stadt
0%
Germany Neunkirchen
0%
Germany Neustadt a. d. Aisch-Bad Windsheim
0%
Germany Neustadt a. d. Waldnaab
0%
Germany Neustadt an der Weinstraße, Kreisfreie Stadt
0%
Germany Neu-Ulm
0%
Germany Neuwied
0%
Germany Nienburg (Weser)
0%
Slovakia Nitriansky kraj
0%
Hungary Nógrád
0%
Netherlands Noord-Drenthe / North Drenthe
0%
Netherlands Noord-Friesland / North Frisia
0%
Netherlands Noord-Limburg / North Limburg
0%
Netherlands Noordoost-Noord-Brabant / Northeast North Brabant
0%
Netherlands Noord-Overijssel / Northern Overijssel
0%
Germany Nordfriesland
0%
Germany Nordhausen
0%
Germany Nordsachsen
0%
Germany Nordwestmecklenburg
0%
Sweden Norrbottens län
0%
Germany Northeim
0%
Greece Βόρειος Τομέας Αθηνών / Northern Sector of Athens
0%
Poland Nowosądecki / Nowy Sacz
0%
Poland Nowotarski
0%
Germany Nürnberger Land
0%
Germany Nürnberg, Kreisfreie Stadt
0%
Poland Nyski / Nysa
0%
Slovenia Obalno-kraška
0%
Germany Oberallgäu
0%
Germany Oberbergischer Kreis
0%
Germany Oberhausen, Kreisfreie Stadt
0%
Germany Oberhavel
0%
Germany Oberspreewald-Lausitz
0%
Germany Odenwaldkreis
0%
Germany Oder-Spree
0%
Germany Offenbach am Main, Kreisfreie Stadt
0%
Germany Offenbach, Landkreis
0%
Germany Oldenburg, Landkreis
0%
Germany Oldenburg (Oldenburg), Kreisfreie Stadt
0%
Germany Olpe
0%
Poland Olsztyński / Olsztyn
0%
Netherlands Oost-Groningen / East Groningen
0%
Netherlands Oost-Zuid-Holland / East South Holland
0%
Sweden Örebro län
0%
Germany Ortenaukreis
0%
Germany Osnabrück, Kreisfreie Stadt
0%
Germany Osnabrück, Landkreis
0%
Slovenia Osrednjeslovenska
0%
Germany Ostalbkreis
0%
Germany Ostallgäu
0%
Sweden Östergötlands län
0%
Germany Osterholz
0%
Germany Ostholstein
0%
Germany Ostprignitz-Ruppin
0%
Poland Ostrołęcki
0%
Poland Oświęcimski / Oświecim
0%
Netherlands Overig Groningen / Other Groningen
0%
Netherlands Overig Zeeland / Other Zeeland
0%
Germany Paderborn
0%
Latvia Panevėžio apskritis / Panevėžys County
0%
Germany Passau, Kreisfreie Stadt
0%
Germany Passau, Landkreis
0%
Italy Pesaro e Urbino
0%
Germany Pfaffenhofen a. d. Ilm
0%
Germany Pforzheim, Stadtkreis
0%
Greece Πιερία / Pieria
0%
Poland Pilski
0%
Germany Pinneberg
0%
Poland Piotrkowski
0%
Germany Pirmasens, Kreisfreie Stadt
0%
Poland Płocki / Plock
0%
Germany Plön
0%
Slovenia Podravska
0%
Slovenia Pomurska
0%
Slovenia Posavska
0%
Germany Potsdam, Kreisfreie Stadt
0%
Germany Potsdam-Mittelmark
0%
Germany Prignitz
0%
Slovenia Primorsko-notranjska
0%
Poland Przemyski / Przemyśl
0%
Poland Puławski
0%
Poland Radomski / Radom
0%
Germany Rastatt
0%
Germany Recklinghausen
0%
Germany Regensburg, Kreisfreie Stadt
0%
Germany Regensburg, Landkreis
0%
Germany Regionalverband Saarbrücken
0%
Germany Remscheid, Kreisfreie Stadt
0%
Germany Rems-Murr-Kreis
0%
Germany Rendsburg-Eckernförde
0%
Germany Reutlingen
0%
Germany Rhein-Erft-Kreis
0%
Germany Rheingau-Taunus-Kreis
0%
Germany Rhein-Hunsrück-Kreis
0%
Germany Rheinisch-Bergischer Kreis
0%
Germany Rhein-Kreis Neuss
0%
Germany Rhein-Lahn-Kreis
0%
Germany Rhein-Neckar-Kreis
0%
Germany Rhein-Pfalz-Kreis
0%
Germany Rhein-Sieg-Kreis
0%
Germany Rhön-Grabfeld
0%
Greece Ροδόπη / Rodopi
0%
Germany Rosenheim, Kreisfreie Stadt
0%
Germany Rosenheim, Landkreis
0%
Germany Rostock, Kreisfreie Stadt
0%
Germany Rotenburg (Wümme)
0%
Germany Roth
0%
Germany Rottal-Inn
0%
Germany Rottweil
0%
Poland Rybnicki
0%
Poland Rzeszowski
0%
Germany Saale-Holzland-Kreis
0%
Germany Saalekreis
0%
Germany Saale-Orla-Kreis
0%
Germany Saalfeld-Rudolstadt
0%
Germany Saarlouis
0%
Germany Saarpfalz-Kreis
0%
Germany Sächsische Schweiz-Osterzgebirge
0%
Romania Sălaj
0%
Germany Salzgitter, Kreisfreie Stadt
0%
Germany Salzlandkreis
0%
Poland Sandomiersko-jędrzejowski / Sandomierz-Jedrzejów
0%
Romania Satu Mare
0%
Slovenia Savinjska
0%
Germany Schleswig-Flensburg
0%
Germany Schmalkalden-Meiningen
0%
Germany Schwabach, Kreisfreie Stadt
0%
Germany Schwäbisch Hall
0%
Germany Schwalm-Eder-Kreis
0%
Germany Schwandorf
0%
Germany Schwarzwald-Baar-Kreis
0%
Germany Schweinfurt, Kreisfreie Stadt
0%
Germany Schweinfurt, Landkreis
0%
Germany Schwerin, Kreisfreie Stadt
0%
Germany Segeberg
0%
Latvia Šiaulių apskritis / Šiauliai County
0%
Poland Siedlecki
0%
Germany Siegen-Wittgenstein
0%
Poland Sieradzki
0%
Germany Sigmaringen
0%
Sweden Skåne län
0%
Poland Skierniewicki
0%
Poland Słupski / Slupsk
0%
Sweden Södermanlands län
0%
Germany Soest
0%
Germany Solingen, Kreisfreie Stadt
0%
Hungary Somogy
0%
Germany Sonneberg
0%
Poland Sosnowiecki
0%
Greece Νότιος Τομέας Αθηνών / Southern Sector of Athens
0%
Germany Speyer, Kreisfreie Stadt
0%
Germany Spree-Neiße
0%
Germany Stade
0%
Germany Städteregion Aachen
0%
Germany Starnberg
0%
Poland Starogardzki / Starogard
0%
Germany Steinburg
0%
Germany Steinfurt
0%
Germany Stendal
0%
Sweden Stockholms län
0%
Germany Stormarn
0%
Germany Straubing-Bogen
0%
Germany Straubing, Kreisfreie Stadt
0%
Germany Stuttgart, Stadtkreis
0%
Germany St. Wendel
0%
Germany Südliche Weinstraße
0%
Italy Sud Sardegna
0%
Germany Südwestpfalz
0%
Germany Suhl, Kreisfreie Stadt
0%
Poland Suwalski / Suwalki
0%
Poland Świecki / Secular
0%
Hungary Szabolcs-Szatmár-Bereg
0%
Poland Szczecinecko-pyrzycki
0%
Poland Tarnobrzeski / Tarnobrzeg
0%
Poland Tarnowski
0%
Latvia Tauragės apskritis / Tauragė County
0%
Romania Teleorman
0%
Latvia Telšių apskritis / Telšiai County
0%
Greece Θάσος Και Καβάλα / Thassos and Kavala
0%
Greece Θεσπρωτία / Thesprotia
0%
Germany Tirschenreuth
0%
Hungary Tolna
0%
Germany Traunstein
0%
Slovakia Trenčiansky kraj
0%
Germany Trier, Kreisfreie Stadt
0%
Germany Trier-Saarburg
0%
Poland Trójmiejski / Tri-City
0%
Germany Tübingen, Landkreis
0%
Germany Tuttlingen
0%
Netherlands Twente
0%
Poland Tyski
0%
Germany Uckermark
0%
Germany Ulm, Stadtkreis
0%
Germany Unna
0%
Germany Unstrut-Hainich-Kreis
0%
Germany Unterallgäu
0%
Sweden Uppsala län
0%
Latvia Utenos apskritis / Utena County
0%
Italy Valle d’Aosta/Vallée d’Aoste
0%
Sweden Värmlands län
0%
Sweden Västerbottens län
0%
Sweden Västernorrlands län
0%
Sweden Västmanlands län
0%
Sweden Västra Götalands län
0%
Germany Vechta
0%
Italy Verbano-Cusio-Ossola
0%
Germany Verden
0%
Hungary Veszprém
0%
Latvia Vidzeme
0%
Germany Viersen
0%
Latvia Vilniaus apskritis / Vilnius County
0%
Germany Vogelsbergkreis
0%
Germany Vogtlandkreis
0%
Germany Vorpommern-Greifswald
0%
Germany Vorpommern-Rügen
0%
Romania Vrancea
0%
Germany Vulkaneifel
0%
Poland Wałbrzyski / Wałbrzych
0%
Germany Waldeck-Frankenberg
0%
Germany Waldshut
0%
Germany Warendorf
0%
Poland Warszawski wschodni / Warsaw East
0%
Poland Warszawski zachodni / Warsaw West
0%
Germany Wartburgkreis
0%
Germany Weiden i. d. Opf, Kreisfreie Stadt
0%
Germany Weilheim-Schongau
0%
Germany Weimarer Land
0%
Germany Weimar, Kreisfreie Stadt
0%
Germany Weißenburg-Gunzenhausen
0%
Germany Werra-Meißner-Kreis
0%
Germany Wesel
0%
Germany Wesermarsch
0%
Greece Δυτική Αττική / West Attica
0%
Greece Δυτικός Τομέας Αθηνών / Western Sector of Athens
0%
Germany Westerwaldkreis
0%
Netherlands West-Noord-Brabant / West North Brabant
0%
Germany Wetteraukreis
0%
Germany Wiesbaden, Kreisfreie Stadt
0%
Germany Wilhelmshaven, Kreisfreie Stadt
0%
Germany Wittenberg
0%
Germany Wittmund
0%
Poland Włocławski
0%
Germany Wolfenbüttel
0%
Germany Wolfsburg, Kreisfreie Stadt
0%
Germany Worms, Kreisfreie Stadt
0%
Germany Wunsiedel i. Fichtelgebirge
0%
Germany Wuppertal, Kreisfreie Stadt
0%
Germany Würzburg, Kreisfreie Stadt
0%
Germany Würzburg, Landkreis
0%
Netherlands Zaanstreek / Zaan region
0%
Slovenia Zasavska
0%
Netherlands Zeeuwsch-Vlaanderen
0%
Latvia Zemgale
0%
Poland Zielonogórski / Zielona Góra
0%
Germany Zollernalbkreis
0%
Netherlands Zuid-Limburg / South Limburg
0%
Netherlands Zuidoost-Drenthe / Southeast Drenthe
0%
Netherlands Zuidoost-Friesland / Southeast Friesland
0%
Netherlands Zuidoost-Noord-Brabant / Southeast North Brabant
0%
Netherlands Zuidoost-Zuid-Holland / South-East South Holland
0%
Netherlands Zuidwest-Drenthe / Southwest Drenthe
0%
Netherlands Zuidwest-Friesland / Southwest Friesland
0%
Netherlands Zuidwest-Gelderland / Southwest Gelderland
0%
Netherlands Zuidwest-Overijssel / Southwest Overijssel
0%
Germany Zweibrücken, Kreisfreie Stadt
0%
Germany Zwickau
0%
Poland Żyrardowski
0%
No matching quizzes found
Score Distribution
Percent of People with Each Score
Percentile by Number Answered
Your Score History
You have not taken this quiz since the last reset